Cross-stitch christmas
| Main Author: | |
|---|---|
| Format: | Book |
| Published: |
New York :
Sterling Publishing ,
1995
|
| Subjects: |
MARC
| LEADER | 00000cam a2200000 7i4500 | ||
|---|---|---|---|
| 001 | 0000007344 | ||
| 002 | 000007897 | ||
| 005 | 20000330.0 | ||
| 020 | |a 0806907940 | ||
| 090 | 0 | 0 | |a 746.443 |b KOO |
| 100 | 1 | |a Kooler, Donna | |
| 245 | 1 | 0 | |a Cross-stitch christmas |c Donna Kooler |
| 260 | |a New York : |b Sterling Publishing , |c 1995 | ||
| 300 | |a 128 p. : |b ill ; |c 28 cm. | ||
| 650 | 0 | 0 | |a Cross stitch |x Patterns |
| 999 | |a 051946 |b BUKU |c PINJAMAN |e PERPUSTAKAAN KOMUNITI PETALING JAYA | ||